Guess a Sport based off an Athlete - Canada Edition - Statistics

General Stats
  • This quiz has been taken 18 times
  • The average score is 6 of 10
Answer Stats
Hint Answer % Correct
Wayne Gretzky Hockey
100%
Steve Nash Basketball
93%
Freddie Freeman Baseball
86%
Mike Weir Golf
79%
Alphonso Davies Soccer
71%
Andre de Grasse Sprinting
57%
Eddie Murray Football
50%
Terry Fox Cross Country/Running
43%
Matt Campbell Darts
21%
Hans De Goede Rugby
21%
No matching quizzes found
Score Distribution
Percent of People with Each Score
Percentile by Number Answered
Your Score History
You have not taken this quiz